| 000 | 00742cab a2200241 4500 | ||
|---|---|---|---|
| 001 | ABS59187 | ||
| 008 | 090401t1998 xxu||||| |||| 00| 0 eng d | ||
| 035 | _a(Sirsi) u88120 | ||
| 041 | _aeng | ||
| 100 | _aClark, P. | ||
| 245 | _aGiving a new lease of life to partnerships | ||
| 260 | _c1998 | ||
| 350 | _a0 | ||
| 490 |
_aProperty Week _v63(17) 14 August 1998, 25(1) |
||
| 520 | _aDiscusses how to grant a lease to a partnership and how it is affected when a trustee partner retires. | ||
| 650 | _aBUSINESS TENANCIES | ||
| 650 | _aLANDLORD AND TENANT (COVENANTS) ACT 1995 | ||
| 650 | _aPARTNERSHIPS | ||
| 650 | _aPROFESSIONAL PRACTICE | ||
| 690 | _aLANDLORD AND TENANT-BUSINESS TENANCIES | ||
| 942 | _n0 | ||
| 948 | _c25/08/1998 | ||
| 999 |
_c55661 _d55661 |
||